000 01407nam a22003377a 4500
005 20240530110352.0
008 141224s2002 jo g 000 0 ara d
040 _aEG-CaGPL
041 1 _aara
_heng
082 0 4 _221
_a953\
_bس ت
100 1 _aسيديو ، ك. أ.
245 1 0 _aتاريخ العرب العام :
_bحضارتهم : مدارسهم الفلسفية و العلمية و الادبية /
_cك. أ. سيديو ؛ ترجمة عبدالله على الشيخ
250 _aط1
260 _aعمان :
_bالاهلية للنشر والتوزيع ،
_c2002
300 _a465 ص ؛
_c24 سم
650 0 4 _aالحضارة الاسلامية
650 0 4 _aالحضارة العربية
650 0 4 _aالعلوم عند العرب
650 0 4 _aالمدارس الاسلامية
650 0 4 _aالعالم العربى
_xجغرافيا
651 0 4 _aالعالم العربى
_xتاريخ
651 0 4 _aالعالم العربى
_xتاريخ
_yعصر صدر الاسلام
651 0 4 _aالعالم العربى
_xتاريخ
_yالعصر الاسلامى
651 0 4 _aالعالم العربى
_xتاريخ
_yعصر الخلفاء الراشدين
651 0 4 _aالاندلس
651 0 4 _aقرطبة
651 0 4 _aالدولة العباسية
700 0 _aعبدالله على الشيخ
_eمترجم
942 _2ddc
_cBK
999 _c60086
_d60086